000 00667nam a2200205 i 4500
001 38132
003 ES-MaACL
005 20250820063026.0
007 t|
008 030224s1934 sp ||||1| spa d
100 1 _aCalandre, Luis,
_d1890-1961
_933528
245 1 0 _aEnfermos del corazón reales e imaginarios /
_cpor Luis Calandre.
260 _aMadrid :
_bCenit,
_c1934 (
_fGráficas Uguina)
300 _a87 p. ;
_c18 cm.
490 1 _aBiblioteca de Vulgarización Médica
650 4 _aCorazón-
_xEnfermedades.
_9144728
830 0 _aBiblioteca de Vulgarización Médica
_9182304
852 _aES-MaACL
_jB-9749
_bR.18527
999 _c38132
_d38132